002980000a22001210004500060000800000082001600008100001600024245006300040260002900103260000900132300000800141650002700149 a100 a582.087 PRI aKurz, W G W aPrimary and secondary metabolism of plant cell cultures II aSpringer - verlag Berlin c1989 a315 aPlant cell/ Metabolism